01724nam a2200313 a 4500001001000000003000400010005001700014008004100031040002500072082001500097100004300112245017400155260004500329300002800374504007300402504003100475590002700506700003200533700002600565700003000591910001400621942001300635952014500648952012300793952019900916952013301115952014501248999001701393000036003OSt20201130135138.0111122s1979 dr a 000 0 spa d aDO-SdBNPbspacBNPHU axxxxbE82m1 aEstrella Gómez, Miguel962039d1952-10aMonedas dominicanas :bdesde el descubrimiento hasta nuestros dias (1492-1979) /cMiguel Estrella Gómez ; dibujos Ludovino Morel ; fotografías Max Pou, Reyes Vélez aSanto Domingo :bAmigo del Hogar,c1979. a640 p. :bil. ;c22 cm. aIncluye referencias bibliográficas y notas al pie de las páginas aBibliografías p: 639-640 aInventariado, 2020/ YL12amorel, Ludovinoeil.97677712aPou, Maxefot.97677812aVelez, Reyesefot.976779 aYLockward 2ddccLF1 00102ddc56708DSaGRbGRcCTd1982-07-09eObsequio José García AybariLF1l0oxxxx E82mp36003-30r2020-06-25te. 3w2020-06-25yLFDS 00102ddc718PDaPDbPDcCTd2013-10-06eFlia. Reyes DuluciLF1l0oxxxx E82mp36003-10r2020-06-25w2020-06-25yLFPD 00102ddc718PDaPDbPDcCTd2013-10-06eObsequio Sonia GinebraiLF1l0oxxxx E82mp36003-20r2020-06-25te. 2w2020-06-25yLFPDzPerteneció a la biblioteca personal del Dr. Guaroa Ginebra H. 00102ddc56708DSaGRbGRcCTd2013-07-31eFlia. Reyes DuluciLF1l0oxxxx E82mp2020-0111r2020-10-07te. 4w2020-06-25yLFDS 00102ddc56708DSaGRbGRcCTd2020-10-07eCompra a Pascal Peñag45.60iLF1l0oxxxx E82mp2020-0112r2020-10-07te. 5w2020-06-25yLFDS c35494d35494